NPC Sororities - Statistics

General Stats
  • This quiz has been taken 449 times
  • The average score is 17 of 26
Answer Stats
Answer % Correct
Delta Delta Delta
95%
Chi Omega
87%
Kappa Kappa Gamma
87%
Delta Gamma
86%
Zeta Tau Alpha
85%
Alpha Chi Omega
84%
Alpha Phi
83%
Kappa Delta
82%
Pi Beta Phi
80%
Alpha Delta Pi
78%
Gamma Phi Beta
76%
Phi Mu
75%
Alpha Omicron Pi
73%
Kappa Alpha Theta
70%
Sigma Sigma Sigma
68%
Delta Zeta
67%
Sigma Kappa
67%
Alpha Gamma Delta
64%
Alpha Xi Delta
58%
Alpha Epsilon Phi
45%
Delta Phi Epsilon
39%
Sigma Delta Tau
39%
Phi Sigma Sigma
35%
Alpha Sigma Alpha
32%
Alpha Sigma Tau
26%
Theta Phi Alpha
22%
No matching quizzes found
Score Distribution
Percent of People with Each Score
Percentile by Number Answered
Your Score History
You have not taken this quiz